| 000 | 00356nam a22001217a 4500 | ||
|---|---|---|---|
| 082 | _a220 PRO | ||
| 100 |
_aMUDASSAR AYUB AHMED NADEEM GONDAL HASSAM REHMAT _971269 |
||
| 245 | _aPR-SOF-1447-Modeling of Arteries | ||
| 260 |
_aISLAMABAD _bNUST COLLEGE OF EME _c2015 |
||
| 650 |
_aDE-MECH-33 _971270 |
||
| 700 |
_aDR RIZWAN SAEED CHOUDHRY _917295 |
||
| 942 | _cCR | ||
| 999 |
_c577882 _d577882 |
||